| 000 | 01214nam a2200337 c 4500 | ||
|---|---|---|---|
| 999 |
_c48775 _d48775 |
||
| 001 | 48775 | ||
| 003 | ES-MaCES | ||
| 005 | 20180326112148.0 | ||
| 008 | 170123s2016 sp o000 | spa d | ||
| 017 |
_aSE 1362-2014 _bDL |
||
| 040 |
_aES-MaCES _bspa _cES-MaCES |
||
| 245 | 0 | 0 |
_aInforme sobre la situación socioeconómica de Andalucía 2015 _b: [resumen ejecutivo: consideraciones y propuestas] _cConsejo Económico y Social de Andalucía |
| 250 | _a1ª ed | ||
| 260 |
_aSevilla _bCES _c2016 |
||
| 300 |
_a73 p. _bgráf. col. _c24 cm |
||
| 500 | _aAprobado por el Pleno en sesión celebrada el día 22 de julio de 2016 | ||
| 500 | _aLos subtít. tomados de la cub. | ||
| 541 | _cGratuito | ||
| 650 | 4 |
_acondiciones económicas _927081 |
|
| 650 | 4 |
_aindicador económico _927073 |
|
| 650 | 4 |
_acondiciones sociales _930469 |
|
| 650 | 4 |
_aindicador social _927259 |
|
| 650 | 4 |
_aAndalucia _930791 |
|
| 650 | 4 |
_a2015 _931152 |
|
| 650 | 4 |
_ainforme _928986 |
|
| 653 | 1 | 0 | _aCondiciones económicas |
| 710 | 2 |
_aConsejo Económico y Social de Andalucía _92430 |
|
| 787 | 0 |
_tInforme sobre la situación socioeconómica de Andalucía 2014 _w(ES-MaCES)47003 |
|
| 902 | _aLIB Libro | ||
| 942 |
_2CES _cBK _h0.0. |
||